000 00926nam a22002537a 4500
999 _c145981
_d145981
005 20230301114008.0
010 _a1718EN-30 ENG-122531 ENG-136061
020 _a9789383166183
_c625.00
035 _aB-682569-573 EN-106063
035 _aEN-119593
037 _bAakar
_adpl
037 _bDBAD/PUB.
082 _a305.568808209548
100 _aStill, Clarinda
245 _aDalit women:
_bhonour and patriarchy in South India /
_cby Clarinda Still
250 _a2nd.
260 _aNew Delhi
_bSocial Science Press
_c2017
270 _a69, Jor Bagh
_bNew Delhi
_e110003
300 _a258p. :
_c22cm(pbk)
500 _aIncludes bibliographical; reference and index
505 _a
942 _2ddc
_cEN
_mSTI
_h305.568808209548